000 004280000a22001690004500
003 MACL
005 20151230164058.0
008 151230b xxu||||| |||| 00| 0 eng d
040 _aMACL
_cMACL
041 _aEnglish
082 _a294/BAR
100 _aSri Aurobindo
_925248
245 _aHymns to The Mystic Fire
260 _bSri Aurobindo Ashram
_c1952
_aPondicherry
650 _aReligion
_925249
942 _cBK
_k294/AUR
_2ddc
999 _c35272
_d35272